Capital de trabajo alineado a la estrategia de la organización (Registro nro. 11935)
[ vista simple ]
| 000 -LEADER | |
|---|---|
| fixed length control field | 00356 a2200121 4500 |
| 001 - CONTROL NUMBER | |
| control field | ART_24596 |
| 005 - DATE AND TIME OF LATEST TRANSACTION | |
| control field | 20260410161625.0 |
| 008 - FIXED-LENGTH DATA ELEMENTS--GENERAL INFORMATION | |
| fixed length control field | 260409a |
| 100 1# - MAIN ENTRY--PERSONAL NAME | |
| Personal name | Tapia, Gustavo N. |
| 245 10 - TITLE STATEMENT | |
| Title | Capital de trabajo alineado a la estrategia de la organización |
| 700 1# - ADDED ENTRY--PERSONAL NAME | |
| Personal name | Aire, Carlos |
| 773 0# - HOST ITEM ENTRY | |
| Title | Enfoques |
| Related parts | - Nº 5 (mayo 2014) |
| Record control number | REV416 |
No hay ítems disponibles.